[Event "Titled Tuesday intern op 5th Jan"]
[Site "Chess.com INT"]
[Date "2016.01.05"]
[Round "7"]
[White "D'Innocente, Stefano"]
[Black "Eden, James"]
[Result "1/2-1/2"]
[WhiteElo "2261"]
[BlackElo "2289"]
[PlyCount "110"]
[EventDate "2016.01.05"]
[EventType "swiss (blitz)"]
[EventRounds "9"]
[EventCountry "USA"]
[SourceTitle "EXT 2021"]
[Source "ChessBase"]
[SourceDate "2020.10.23"]
[SourceVersion "1"]
[SourceVersionDate "2020.10.23"]
[SourceQuality "1"]

1. e4 e5 2. Nf3 Nc6 3. Bc4 Nf6 4. d3 Bc5 5. c3 d6 6. 0-0 a6 7. Bb3 Ba7 8. h3 h6 9. Re1 Ne7 10. Nbd2 Ng6 11. Nf1 0-0 12. Ng3 Be6 13. d4 Bxb3 14. Qxb3 b5 15. Be3 Qe7 16. Rad1 c5 17. Nf5 Qc7 18. dxe5 dxe5 19. Qc2 Rad8 20. g4 Nf4 21. Bxf4 exf4 22. e5 Nd5 23. Qe4 Ne7 24. Qxf4 Ng6 25. Qe4 Rfe8 26. Rxd8 Qxd8 27. Nd6 Re6 28. Qb7 Re7 29. Qxa6 Bb8 30. Nf5 Re6 31. Qxb5 Nxe5 32. Nxe5 Bxe5 33. Re3 Qd1+ 34. Qf1 Qd5 35. Qe2 g6 36. Nxh6+ Kg7 37. g5 Bf4 38. Rxe6 fxe6 39. h4 e5 40. a4 Qa2 41. Ng4 Qxa4 42. Nxe5 Qe8 43. b4 Qxe5 44. Qxe5+ Bxe5 45. bxc5 Bxc3 46. Kg2 Be1 47. c6 Ba5 48. Kg3 Bc7+ 49. Kg4 Kf7 50. f4 Ke6 51. h5 gxh5+ 52. Kxh5 Bxf4 53. g6 Kf6 54. g7 Kxg7 55. c7 Bxc7 1/2-1/2

[Event "Titled Tuesday intern op 1st Dec"]
[Site "Chess.com INT"]
[Date "2015.12.01"]
[Round "6"]
[White "Sahl, Bjarke"]
[Black "D'Innocente, Stefano"]
[Result "0-1"]
[WhiteElo "2348"]
[BlackElo "2261"]
[PlyCount "46"]
[EventDate "2015.12.01"]
[EventType "swiss (blitz)"]
[EventRounds "9"]
[EventCountry "USA"]
[SourceTitle "EXT 2021"]
[Source "ChessBase"]
[SourceDate "2020.10.23"]
[SourceVersion "1"]
[SourceVersionDate "2020.10.23"]
[SourceQuality "1"]

1. e4 c5 2. Nf3 d6 3. d4 cxd4 4. Nxd4 Nf6 5. Nc3 a6 6. Bg5 e6 7. f4 h6 8. Bh4 Be7 9. Qf3 Qc7 10. 0-0-0 Nbd7 11. Bd3 g5 12. fxg5 Ne5 13. Qe2 Nfg4 14. h3 hxg5 15. Bg3 Nf6 16. Rhf1 Bd7 17. Nf3 Nh5 18. Bh2 Nf4 19. Bxf4 gxf4 20. Qd2 Ng6 21. e5 Nxe5 22. Qxf4 Rf8 23. Ne4 f5 0-1